Watchkeeping safety and cargo management in port : a practical guide (Record no. 11679)

000 -LEADER
fixed length control field 00529nam a22001817a 4500
008 - FIXED-LENGTH DATA ELEMENTS--GENERAL INFORMATION
fixed length control field 201024b 1996 ||||| |||| 00| 0 eng d
020 ## - INTERNATIONAL STANDARD BOOK NUMBER
International Standard Book Number 1870077296
082 ## - DEWEY DECIMAL CLASSIFICATION NUMBER
Classification number 623.8881
Item number ROB
100 ## - MAIN ENTRY--PERSONAL NAME
Personal name Roberts, Peter
245 ## - TITLE STATEMENT
Title Watchkeeping safety and cargo management in port : a practical guide
260 ## - PUBLICATION, DISTRIBUTION, ETC. (IMPRINT)
Place of publication, distribution, etc UK
Name of publisher, distributor, etc The Nautical Institute
Date of publication, distribution, etc 1995
300 ## - PHYSICAL DESCRIPTION
Extent 216p.
504 ## - BIBLIOGRAPHY, ETC. NOTE
Bibliography, etc "Includes Appendix".
650 ## - SUBJECT ADDED ENTRY--TOPICAL TERM
Topical term or geographic name as entry element Watchkeeping duties in port
650 ## - SUBJECT ADDED ENTRY--TOPICAL TERM
Topical term or geographic name as entry element Commercial documentation
650 ## - SUBJECT ADDED ENTRY--TOPICAL TERM
Topical term or geographic name as entry element Cargo quantity
942 ## - ADDED ENTRY ELEMENTS (KOHA)
Item type Books
Holdings
Withdrawn status Lost status Source of classification or shelving scheme Damaged status Not for loan Collection code Permanent location Current location Shelving location Date acquired Total Checkouts Total Renewals Full call number Barcode Date last seen Date last borrowed Koha item type Public note
          Non-fiction IMU-MPC Library IMU-MPC Library General Stacks 2020-10-24 1 2 623.8881 ROB MPCG0235 2025-03-17 2020-12-02 Books Column - 1
Copyright © 2021 Indian Maritime University, Mumbai Port Campus. All Rights Reserved. Managed & Maintained by Central Library, IMU-Mumbai

webs counters

Powered by Koha